|
|
แสดงรายละเอียดบรรณานุกรม |
|
|
Brief Record
: Get Marc (ISO 2709)
: E-mail record
: |
| LEADER 00000nama 2200000uu 4500 | |||
| 008 040531s1994 th m m a000 0 tha d | |||
| 020 087-581-377-1 | |||
| 041 eng | |||
| 050 HB871 N174u | |||
| 100 Nam, Charies B. | |||
| 245 Understanding population change / Charies B. Nam 001 | |||
| 260 Itaca,Illinois F.E.Peacock 1994 | |||
| 300 471 p. | |||
| 650 Population Change | |||
| 998 1998-08-11 | |||
| คุณยังไม่ได้ล็อกอิน คุณสามารถมีกิจกรรมร่วมกับเว็บไซต์ได้ แต่ต้องล็อกอินก่อน :: |
|
| สถานะ | |||||||||
| 1. | หนังสือทั่วไป | HB871 N174u 1994 | On Shelf ขอยืม | ||||||
| [แสดง 1/1 รายการ] | |||||||||
| รายการใกล้เคียง ชื่อเรื่อง [Understanding population change / Charies B. Nam 001] |
BibComment |
| คอมเมนท์ทรัพยากรรายการนี้ |
|
|